01220nam a22001577a 4500008004100000020001800041050001500059100001800074245007800092260004500170300002200215500001900237505076200256650002601018700001801044120516t xxu||||| |||| 00| 0 eng d a9788126513925 aHD2741.S65 aSolomon, Jill aCorporate governance and accountability. /cJill Solomon and Aris Solomon aNew Delhi:bJohn Wiley and Sons,cc2010. axiv,303 p:c22cm. aIncludes index aContents: Introduction -- Corporate governace: frameworks and mechanisms -- Defining corporate governance -- Eron: a case study in corporate governance failure -- Corporate governance reform in the UK -- The Role of boards in corporate governance -- The Role of institutional investors in corporate governance -- The Role of transparency in corporate governance -- Global corporate governance -- An Introduction to corporate governance systems worldwide -- A Reference dictionary of corporate governance systems -- Broadening the corporate governance agenda -- Discharging a broader corporate accountability -- Socially responsible investment -- The Future of corporate governance and accountability -- The Combined code on corporate governance (July 2003). bCorporate governance. aSolomon, Aris